000 00390nam a22001577a 4500
005 20160427141312.0
008 160427b xxu||||| |||| 00| 0 eng d
020 _a978-0-07-063414-5
041 _aeng
082 _b00358
100 _aForouzan, Behironz
_979
245 _aData Communications and Netwarking
260 _aNew Delhi
_bTMH Publ.co.Ltd.
_c2006
300 _a1134
942 _cBK
999 _c115
_d115